Gaming Quiz

Random Gaming or Pokémon Quiz
Score 0/56 Timer 07:00
1 Play Today
Pokémon % Correct
Squirtle
81.8%
Pikachu
81.4%
Charmander
78.4%
Charizard
77.5%
Charmeleon
74.8%
Onix
70.8%
Pidgey
68.7%
Pidgeot
67.9%
Eevee
67.8%
Pidgeotto
67.2%
Raichu
66.8%
Lapras
65.3%
Rattata
65.1%
Raticate
62.6%
Omanyte
62.4%
Omastar
61%
Spearow
60.8%
Caterpie
60.3%
Sandshrew
59.6%
Sandslash
58.3%
Staryu
57.9%
Oddish
57.7%
Ekans
57.3%
Starmie
57.2%
Electabuzz
55.7%
Paras
55.7%
Poliwag
55.5%
Poliwhirl
55.4%
Pokémon % Correct
Poliwrath
54.1%
Parasect
54%
Snorlax
53.7%
Rhydon
53%
Seel
52.7%
Electrode
52.5%
Rhyhorn
52.4%
Scyther
52.3%
Rapidash
52.2%
Clefairy
51.8%
Ponyta
51.6%
Seaking
50.9%
Lickitung
50.1%
Clefable
49.9%
Porygon
49.6%
Exeggcute
48.6%
Exeggutor
48.1%
Slowpoke
46.8%
Slowbro
46.4%
Persian
46.2%
Chansey
46.1%
Seadra
45.5%
Pinsir
44.6%
Shellder
43.9%
Psyduck
43.4%
Cloyster
43.1%
Primeape
40.9%
Cubone
37.7%
Remove Ads.
Support Sporcle.
Get the best of Sporcle when you Go Orange. This ad-free experience offers more features, more stats, and more fun while also helping to support Sporcle. Thank you for becoming a member.

You're not logged in!

Compare scores with friends on all Sporcle quizzes.
OR
Log In

Show Comments

Extras

Top Quizzes Today


Score Distribution

Your Account Isn't Verified!

In order to create a playlist on Sporcle, you need to verify the email address you used during registration. Go to your Sporcle Settings to finish the process.

Report this User

Report this user for behavior that violates our Community Guidelines.

Details: